|
|
|
|
| LEADER |
00000nam0a2200000 4500 |
| 001 |
252371 |
| 005 |
20231101232738.0 |
| 010 |
|
|
|a 9785757918266
|
| 035 |
|
|
|a (RuTPU)RU\TPU\book\274704
|
| 090 |
|
|
|a 252371
|
| 100 |
|
|
|a 20140303d2013 m y0rusy50 ca
|
| 101 |
0 |
|
|a rus
|
| 102 |
|
|
|a RU
|
| 105 |
|
|
|a a j 001zy
|
| 200 |
1 |
|
|a Основы схемотехники
|e учебное пособие
|f В. В. Афанасьев [и др.]
|g Казанский национальный исследовательский технический университет им. А. Н. Туполева-КАИ (КНИТУ-КАИ)
|
| 210 |
|
|
|a Казань
|c Изд-во КГТУ
|d 2013
|
| 215 |
|
|
|a 183 с.
|c ил.
|
| 320 |
|
|
|a Библиогр.: с. 180-181.
|
| 330 |
|
|
|a Изложены принципы работы аналоговых электронных устройств и основы проектирования электронных схем телекоммуникационных устройств и бытовой радиоэлектронной аппаратуры. Рекомендуется для студентов 3-го курса специальностей «Радиотехника», «Телекоммуникации» и «Бытовая радиоэлектронная аппаратура» очной и заочной форм обучения, также может применяться для самостоятельной работы студентов заочной и вечерней форм обучения и при дипломном проектировании.
|
| 606 |
1 |
|
|a Усилители
|x Проектирование
|2 stltpush
|3 (RuTPU)RU\TPU\subj\63246
|9 80276
|
| 610 |
1 |
|
|a параметры
|
| 610 |
1 |
|
|a характеристика
|
| 610 |
1 |
|
|a обратные связи
|
| 610 |
1 |
|
|a усилительные каскады
|
| 610 |
1 |
|
|a транзисторы
|
| 610 |
1 |
|
|a работа
|
| 610 |
1 |
|
|a резистивные каскады
|
| 610 |
1 |
|
|a расчет
|
| 610 |
1 |
|
|a усилительные устройства
|
| 610 |
1 |
|
|a регулировка
|
| 610 |
1 |
|
|a шумы
|
| 610 |
1 |
|
|a напряжение
|
| 610 |
1 |
|
|a мощность
|
| 610 |
1 |
|
|a усилители постоянного тока
|
| 610 |
1 |
|
|a операционные усилители
|
| 610 |
1 |
|
|a применение
|
| 610 |
1 |
|
|a учебные пособия
|
| 675 |
|
|
|a 621.375(075.8)
|v 3
|
| 701 |
|
1 |
|a Афанасьев
|b В. В.
|g Вадим Владимирович
|
| 701 |
|
1 |
|a Данилаев
|b М. П.
|g Максим Петрович
|
| 701 |
|
1 |
|a Нуреев
|b И. И.
|g Ильнур Ильдарович
|
| 701 |
|
1 |
|a Усанов
|b А. И.
|g Александр Игоревич
|
| 712 |
0 |
2 |
|a Казанский национальный исследовательский технический университет им. А. Н. Туполева-КАИ (КНИТУ-КАИ)
|c (2009- )
|2 stltpush
|3 (RuTPU)RU\TPU\col\19413
|
| 801 |
|
1 |
|a RU
|b 63413507
|c 20140303
|
| 801 |
|
2 |
|a RU
|b 63413507
|c 20140314
|g RCR
|
| 900 |
|
|
|a Схемотехника
|
| 900 |
|
|
|a Основы схемотехники
|
| 942 |
|
|
|c BK
|